|
|
|
|
| LEADER |
00774nam a2200205 a 4500 |
| 008 |
091229s1994 ii a b 001 0 eng d |
| 999 |
|
|
|c 6631
|d 6631
|
| 020 |
|
|
|a 817100525x
|
| 040 |
|
|
|a BD-DhAAL
|c BD-DhAAL
|d BD-DhAAL
|
| 082 |
0 |
0 |
|a 519.5
|2 22
|
| 100 |
1 |
|
|a Reddy, C.R.
|9 31485
|
| 245 |
1 |
2 |
|a Business Statistics :
|b theory and statistics /
|c G.R. Reddy.
|
| 260 |
|
|
|a New Delhi :
|b Deep and Deep publications,
|c 1994.
|
| 300 |
|
|
|a xi, 546 p. :
|b ill. ;
|c 22 cm.
|
| 504 |
|
|
|a Includes index.
|
| 541 |
1 |
|
|e 00010889
|
| 650 |
|
0 |
|a Business statistics.
|9 31486
|
| 852 |
4 |
|
|a Ayesha Abed Library
|j General shelf
|
| 942 |
|
|
|2 ddc
|c BK
|
| 952 |
|
|
|0 0
|1 0
|2 ddc
|4 0
|6 311_300000000000000_RED_1994
|7 0
|9 6798
|a BRACUL
|b BRACUL
|c GEN
|d 2010-01-03
|l 3
|m 1
|o 311.3 RED
|p 3010010889
|r 2013-10-08
|s 2013-09-17
|t 1
|w 2010-01-03
|y BK
|